• 首页
  • 本馆介绍
  • 公告通知
  • 最新文献
  • 馆藏检索
  • 电子资源
  • 读者导购
  • 参考咨询
  • 我的图书馆
  • 登录
  • 详细信息显示
  • 放入我的书架
  • 预约/预借图书
  • 作者相关作品
  • 分类相关作品
  • 丛书相关作品
  • 出版社相关作品

书目信息

  • 表格格式
  • 工作单格式
  • 卡片格式
题名:
哲学基础
    
 
作者: 阿奎那 著 ;吕穆迪 译
分册:  
出版信息: 南京   译林出版社  2016
页数: 154页
开本: 23cm
丛书名:
单 册:
中图分类: B503.21
科图分类:
主题词: 经院哲学--jing yuan zhe xue
电子资源:
ISBN: 978-7-5447-6661-6
000 01201nam0 22002771 450
001 0118172348
005 20170618172348.0
010    @a978-7-5447-6661-6@b精装@dCNY26.80
100    @a20170110d2016 em y0chiy50 ea
101 1  @achi@cita
102    @aCN@b320000
105    @ay z 000yy
106    @ar
200 1  @a哲学基础@Azhe xue ji chu@dDe principiis naturae@f(意)圣托马斯·阿奎那(San Tommaso d'Aquino)著@g吕穆迪译@zita
210    @a南京@c译林出版社@d2016
215    @a154页@d23cm
305    @a台湾商务印书馆授权北京凤凰壹力文化发展有限公司出版
330    @a本书包括三部分:性体因素论、物体与性体论、鲍也西周期论解。其中,“性体因素论”讨论有形物体内在的形体因素和外在的变化因素,是亚里士多德《自然哲学》的撮要;“物体与性体论”则深究“物体”与“性体”两个名词的意义;“鲍也西周期论解”是圣托马斯对鲍也西所著《周期论》的论解,此篇提出的秉受论是圣托马斯思想体系的核心。
500 10 @a哲学基础
510 1  @aPrincipiis naturae@zita
606 0  @a经院哲学@Ajing yuan zhe xue
690    @aB503.21@v5
701  0 @c(意)@a阿奎那@Aa kui na@c(Aquinas, Saint Thomas@f1225~1274)@4著
702  0 @a吕穆迪@Alv mu di@4译
801  0 @aCN@bTANGWEI@c20170615
905    @b1009581-6@dB503.21@e97@f6
    
    哲学基础=De principiis naturae/(意)圣托马斯·阿奎那(San Tommaso d'Aquino)著/吕穆迪译.-南京:译林出版社,2016
    154页;23cm
    
    
    ISBN 978-7-5447-6661-6(精装):CNY26.80
    本书包括三部分:性体因素论、物体与性体论、鲍也西周期论解。其中,“性体因素论”讨论有形物体内在的形体因素和外在的变化因素,是亚里士多德《自然哲学》的撮要;“物体与性体论”则深究“物体”与“性体”两个名词的意义;“鲍也西周期论解”是圣托马斯对鲍也西所著《周期论》的论解,此篇提出的秉受论是圣托马斯思想体系的核心。
●
相关链接 在E读中查询图书 在五车中查询图书 在当当中查询图书 在豆瓣中查询图书


正题名:哲学基础     索取号:B503.21/97         预约/预借

序号 登录号 条形码 馆藏地/架位号 状态 备注
1 1009581   210095813   第一样本阅览室/ [索取号:B503.21/97] 在馆    
2 1009582   210095822   教育系资料室/ [索取号:B503.21/97] 在馆    
3 1009583   210095831   教育系资料室/ [索取号:B503.21/97] 在馆    
4 1009584   210095840   教育系资料室/ [索取号:B503.21/97] 在馆    
5 1009585   210095859   第一借阅区/ [索取号:B503.21/97] 在馆    
6 1009586   210095868   第一借阅区/ [索取号:B503.21/97] 在馆    
唐山师范学院图书馆 欢迎您!
大连网信软件有限公司© 版权所有